[Event "Rohde op 03rd"]
[Site "Sautron"]
[Date "2003.10.31"]
[Round "7"]
[White "Lespagnol, Gerard"]
[Black "Savalle, Alexandre"]
[Result "0-1"]
[WhiteElo "1320"]
[BlackElo "1220"]
[PlyCount "56"]
[EventDate "2003.10.25"]
[EventType "swiss"]
[EventRounds "9"]
[EventCountry "FRA"]
[SourceTitle "EXT 2004"]
[Source "ChessBase"]
[SourceDate "2003.11.25"]
[SourceVersion "1"]
[SourceVersionDate "2003.11.25"]
[SourceQuality "1"]

1. d4 d5 2. c4 e6 3. Nc3 Nf6 4. Nf3 Be7 5. Bf4 c6 6. cxd5 Nxd5 7. Bg3 0-0 8. e3 Nd7 9. a3 Qb6 10. Qc2 Nxc3 11. bxc3 c5 12. Bd3 Nf6 13. Rb1 Qc6 14. Ne5 Qxg2 15. Ke2 b6 16. h3 Qd5 17. c4 Qd8 18. Rhg1 Bb7 19. f3 Bd6 20. Bf4 Nh5 21. Rg4 cxd4 22. exd4 Nxf4+ 23. Rxf4 f6 24. Bxh7+ Kh8 25. Rh4 fxe5 26. Bg6+ Qxh4 27. Rg1 Bxf3+ 28. Kf1 Be4+ 0-1